The real Chinese question, (Record no. 553036)

000 -LEADER
fixed length control field 00466cam a22001451 4500
082 ## - DEWEY DECIMAL CLASSIFICATION NUMBER
Classification number 951
Author Mark HOL
100 1# - MAIN ENTRY--PERSONAL NAME
Personal name Holcombe, Chester,
9 (RLIN) 50312
245 14 - TITLE STATEMENT
Title The real Chinese question,
Statement of responsibility, etc. by Chester Holcombe...
260 ## - PUBLICATION, DISTRIBUTION, ETC.
Place of publication, distribution, etc. New York,
Name of publisher, distributor, etc. Dodd, Mead & company,
Date of publication, distribution, etc. 1900.
300 ## - PHYSICAL DESCRIPTION
Extent xxii, 386 p.
Dimensions 20 cm.
526 ## - STUDY PROGRAM INFORMATION NOTE
Program name 0
Interest level 0
Reading level 0
Title point value 951_000000000000000_HOL
650 #0 - SUBJECT ADDED ENTRY--TOPICAL TERM
Topical term or geographic name entry element Eastern question (Far East)
9 (RLIN) 49504
650 #0 - SUBJECT ADDED ENTRY--TOPICAL TERM
Topical term or geographic name entry element National characteristics, Chinese.
9 (RLIN) 50313
942 ## - ADDED ENTRY ELEMENTS (KOHA)
Source of classification or shelving scheme
Koha item type Book
Holdings
Withdrawn status Lost status Source of classification or shelving scheme Damaged status Not for loan Permanent Location Current Location Shelving location Date acquired Total Checkouts Full call number Barcode Date last seen Price effective from Koha item type
          Military College of Engineering (MCE) Military College of Engineering (MCE)   01/28/2015   951 HOL MCE-ECR.13 01/28/2015 01/28/2015 Book
© 2023 Central Library, National University of Sciences and Technology. All Rights Reserved.